Estadísticas para El Credo de los Apóstoles

Haz click aquí para intentar la prueba.

Estadísticas generales

  • Esta prueba ha sido intentada 134 veces
  • La puntuación promedio es 19 de 22

Estadísticas de respuestas

Palabras% Correcto
Creo en {Dios},
100%
y está sentado a la derecha de {Dios},
100%
su único {Hijo}, Nuestro Señor,
93%
al tercer día {resucitó} de entre los muertos,
91%
Creo en {Jesucristo},
91%
subió a los {cielos}
91%
{Amén}.
90%
la santa {Iglesia} católica,
90%
Padre {Todopoderoso},
90%
Padre {todopoderoso}.
90%
fue {crucificado}, muerto y sepultado,
88%
Creo en el {Espíritu} Santo,
87%
por obra y gracia del {Espíritu} Santo,
87%
{Creador} del cielo y de la tierra.
86%
el perdón de los {pecados},
86%
nació de Santa María {Virgen},
84%
descendió a los {infiernos},
83%
padeció bajo el {poder} de Poncio Pilato
78%
la comunión de los {santos},
75%
que fue {concebido}
71%
Desde allí ha de venir a {juzgar} a vivos y muertos.
68%
la {resurrección} de la carne y la vida eterna.
68%

Distribución de puntuación

Porcentaje por número respondido

Porcentaje de gente con cada puntuación

Historial de tus puntuaciones

No has intentado esta prueba.